000 01300 a2200205 4500
020 _a0471253111
020 _a0471453803
020 _a9780471453802
040 _aDLC
_bDLC
100 1 _aSchneier, Bruce,
245 1 0 _aSecrets and lies : digital security in a networked world
_cBruce Schneier.
260 _aNew York :
_bWiley Pub.,
_cc2000.
300 _a412 p. :
_bill.
500 _a"Wiley Computer Publishing."
500 _aAlso issued in a 3-vol. box set under title: Schneier's cryptography classics library.
520 1 _a"Information security expert Bruce Schneier explains what everyone in business needs to know about security in order to survive and be competitive. Pragmatic, interesting, and humorous, Schneier exposes the digital world and the realities of our networked society. He examines the entire system, from the reasons for technical insecurities to the minds behind malicious attacks. You'll be guided through the security war zone, and learn how to understand and arm yourself against the threats of our connected world." "Secrets and Lies offers the expert guidance you'll need to make the right choices about securing your digital self."--BK JACKET.
650 0 _aComputer security.
650 0 _aComputer networks
_xSecurity measures.
942 _cBK
_k005.8 SCH
_2ddc
999 _c6653
_d6653